000 00785nam a2200241Ia 4500
003 OSt
005 20220923224555.0
006 a|||||r|||| 00| 0
007 ta
008 Pun
020 _c200
024 _a243,306
037 _b305, 08/10/2010, H.K. Prakashan
_cTextual
040 _aARTS
_cARTS
_bPun
041 _2Pun
_aPun
082 _aO153,6N44x, P3
100 _aਹਮਦਰਦ, ਬਰਜਿੰਦਰ ਸਿੰਘ
_9156370
245 0 _aਪੈ੍ਵਦਾ ਬਾਕੀ ਹੈ
260 _aਅੰਮ੍ਰਿਤਸਰ
_b ਨਾਨਕ ਸਿੰਘ ਪੁਸਤਕ
_c2003
300 _a240ਪੰ
_ccm.
942 _hO153,6N44x, P3
_cTEXL
_2CC
999 _c372288
_d372288